000
00326nam a2200133Ia 4500
008
191201s2010 xx 000 0 und d
100
_a
GEIGER, R.L.
245
0
_a
VLSI Design Techniques for Analog and Digital Circuits
250
_a
rep
260
_c
2010
_b
TMH
_a
N. Delhi
300
_a
969
650
_a
ECE
942
_2
ddc
_c
BB
999
_c
7402
_d
7402